Kỹ thuật môi trường /

Khái niệm về hệ sinh thái, môi trường và tài nguyên. Tác động đối với môi trường. Chiến lược quốc gia và pháp luật về Bảo vệ môi trường và tài nguyên thiên nhiên. Không khí bị ô nhiễm và ảnh hưởng của nó tới sức khoẻ con người. Các nguồn gây ô nhiễm môi trường không khí. Tính toán ô nhiễm không khí....

সম্পূর্ণ বিবরণ

সংরক্ষণ করুন:
গ্রন্থ-পঞ্জীর বিবরন
প্রধান লেখক: Tăng Văn Đoàn, PGS.
অন্যান্য লেখক: Trần Đức Hạ, TS.
বিন্যাস: গ্রন্থ
ভাষা:Vietnamese
প্রকাশিত: Thanh Hoá : Giáo dục, 2002.
বিষয়গুলি:
ট্যাগগুলো: ট্যাগ যুক্ত করুন
কোনো ট্যাগ নেই, প্রথমজন হিসাবে ট্যাগ করুন!
Thư viện lưu trữ: Mạng thư viện Đại học Đà Nẵng
LEADER 02161cam a2200373 a 4500
001 000043691
003 1734
005 20060421084327.0
008 010217b2002 vm 000 vie
020 |c 16400 
040 |a LRC  |c LRC  |d LRC 
041 0 |a vie 
082 1 4 |a 363.7  |b TĂ-Đ 
100 1 |a Tăng Văn Đoàn,  |c PGS. 
245 1 0 |a Kỹ thuật môi trường /  |c Tăng Văn Đoàn, Trần Đức Hạ. 
260 |a Thanh Hoá :  |b Giáo dục,  |c 2002. 
300 |a 227 tr. :  |b mh. ;  |c 20 cm. 
520 3 |a Khái niệm về hệ sinh thái, môi trường và tài nguyên. Tác động đối với môi trường. Chiến lược quốc gia và pháp luật về Bảo vệ môi trường và tài nguyên thiên nhiên. Không khí bị ô nhiễm và ảnh hưởng của nó tới sức khoẻ con người. Các nguồn gây ô nhiễm môi trường không khí. Tính toán ô nhiễm không khí. Giải pháp phòng chống ô nhiễm môi trường không khí. Nguồn nước và ô nhiễm nguồn nước. Quá trình tự làm sạch và các phương pháp đánh giá chất lượng nguồn nước. Đặc điểm môi trường đất, nguồn gốc và các tác nhận gây ô nhiễm môi trường đất. Các biện pháp bảo vệ môi trường đất. Ô nhiễm nhiệt và biện pháp giảm ô nhiễm nhiệt. Ô nhiễm phóng xạ và biện pháp giảm ô nhiễm phóng xạ. Ô nhiễm tiếng ồn và biện pháp giảm ô nhiễm tiếng ồn. 
630 0 4 |a Môi trường. 
650 0 4 |a Môi trường  |x Công nghệ. 
650 0 4 |a Môi trường  |x Kỹ thuật. 
700 1 |a Trần Đức Hạ,  |c TS. 
OWN |a DUT 
AVA |a UDN50  |b DUT  |c Book  |d 363.7 TĂ-Đ  |e available  |t Error 5001 Not defined in file expand_doc_bib_avail.  |f 3  |g 0  |h N  |i 0  |j SH  |k 1 
999 |a From the UDN01 
AVA |a UDN50  |b DUT  |c Book  |d 363.7 TĂ-Đ  |e available  |t Error 5001 Not defined in file expand_doc_bib_avail.  |f 3  |g 0  |h N  |i 0  |j SH  |k 1 
TYP |a Monograph 
TYP |a Printed language 
980 |a Mạng thư viện Đại học Đà Nẵng